富山県の市町村(1960年) - Statistics

General Stats
  • This quiz has been taken 71 times
  • The average score is 34 of 40
Answer Stats
No. 市町村 備考 % Correct
1 富山市
100%
2 高岡市
100%
5 氷見市
100%
6 滑川市
98%
3 新湊市 2005年消滅
95%
4 魚津市
95%
7 黒部市
95%
8 砺波市
95%
12 中新川郡 舟橋村
95%
10 上新川郡 大山町 2005年消滅
91%
14 中新川郡 立山町
91%
15 下新川郡 宇奈月町 2006年消滅
91%
16 下新川郡 入善町
91%
17 下新川郡 朝日町
91%
13 中新川郡 上市町
86%
18 婦負郡 八尾町 2005年消滅
86%
21 婦負郡 山田村 2005年消滅
86%
22 婦負郡 細入村 2005年消滅
86%
23 射水郡 小杉町 2005年消滅
86%
28 東礪波郡 平村 2004年消滅
86%
30 東礪波郡 利賀村 2004年消滅
86%
36 西礪波郡 石動町 1962年消滅
86%
37 西礪波郡 福光町 2004年消滅
86%
9 上新川郡 大沢野町 2005年消滅
84%
20 婦負郡 婦中町 2005年消滅
84%
24 射水郡 大門町 2005年消滅
84%
27 東礪波郡 城端町 2004年消滅
84%
29 東礪波郡 上平村 2004年消滅
84%
35 東礪波郡 福野町 2004年消滅
84%
40 西礪波郡 福岡町 2005年消滅
84%
31 東礪波郡 庄川町 2004年消滅
81%
33 東礪波郡 井波町 2004年消滅
81%
25 射水郡 下村 2005年消滅
79%
19 婦負郡 呉羽町 1965年消滅
77%
26 射水郡 大島村 1969年昇格
77%
34 東礪波郡 井口村 2004年消滅
77%
11 中新川郡 水橋町 1966年消滅
72%
39 西礪波郡 戸出町 1966年消滅
67%
32 東礪波郡 中田町 1966年消滅
56%
38 西礪波郡 砺中町 1962年消滅
53%
No matching quizzes found
Score Distribution
Percent of People with Each Score
Percentile by Number Answered
Your Score History
You have not taken this quiz